Statistics for Word Search - Fruit & Vegetables

Click here to take the quiz!

General Stats

  • This quiz has been taken 469 times
  • The average score is 10 of 20

Answer Stats

Fruit & Veg% Correct
Apple
97%
Broccoli
92%
Banana
86%
Onion
79%
Tomato
75%
Potato
69%
Olive
68%
Pear
55%
Cabbage
53%
Spinach
48%
Plum
39%
Peach
38%
Radish
38%
Asparagus
29%
Mango
26%
Squash
22%
Avocado
21%
Rhubarb
19%
Swede
19%
Chard
6%

Score Distribution

Percentile by Number Answered

Percent of People with Each Score

Your Score History

You have not taken this quiz